| 000 | 00441nam a2200121Ia 4500 | ||
|---|---|---|---|
| 008 | 170221s9999 xx 000 0 und d | ||
| 100 | _aCharles McPeak | ||
| 245 | _aDo happy employees lead to financial success? | ||
| 245 | _cCharles McPeak, Pepperdine University; Wesley Young, Pepperdine University. | ||
| 260 | _bJournal of Management and Marketing Research | ||
| 650 | _xBusiness | ||
| 856 | _uhttp://www.aabri.com/manuscripts/162436.pdf | ||
| 999 |
_c307557 _d307557 |
||